00330nam a2200121Ia 4500008004100000041000800041082001400049100002500063245003500088260004400123300003000167365001100197240624s9999 xx 000 0 und d aeng a519.5 AST aASTHANA HARI SHANKAR aSTATISTICS FOR SOCIAL SCIENCES c2007aNew DelhibPrentice-Hall of India aix, : 213 : p. : cm. ; 23 cRSb36